Groupes de 4 #3 - Statistiques

Statistiques générales
  • Ce quiz a été pris 1 616 fois
  • Le résultat moyen est 13 sur 72
Statistiques - réponses
Indice Réponse % Correct
Héros des trois mousquetaires d'Artagnan
67%
Couleurs des chevaux des cavaliers de l'Apocalypse Noir
67%
Couleurs des chevaux des cavaliers de l'Apocalypse Blanc
64%
Quatre régions métropolitaines ayant une façade sur l'Atlantique Bretagne
62%
Couleurs des chevaux des cavaliers de l'Apocalypse Rouge
54%
Quatre régions métropolitaines ayant une façade sur l'Atlantique Nouvelle-Aquitaine
52%
Héros des trois mousquetaires Aramis
51%
Couleurs des chevaux des cavaliers de l'Apocalypse Vert | Blême | Pâle
50%
Quatre régions métropolitaines ayant une façade sur l'Atlantique Normandie
47%
Quatre régions métropolitaines ayant une façade sur l'Atlantique Pays-de-la-Loire
47%
Personnages principaux des Hercule Poirot Hercule Poirot
46%
Héros des trois mousquetaires Porthos
43%
Héros des trois mousquetaires Athos
41%
Camps romains dans Astérix Babaorum
41%
Pays du Groupe des 4 demandant un siège permanent à l'ONU Japon
38%
Pays du Groupe des 4 demandant un siège permanent à l'ONU Allemagne
36%
Pays du Groupe des 4 demandant un siège permanent à l'ONU Brésil
35%
Dimensions Largeur
34%
Dimensions Hauteur
33%
Pays du Groupe des 4 demandant un siège permanent à l'ONU Inde
33%
Dimensions Longueur
33%
Camps romains dans Astérix Petitbonum
33%
Souvenirs d'enfance de Pagnol Le château de ma mère
32%
Souvenirs d'enfance de Pagnol La gloire de mon père
30%
Camps romains dans Astérix Aquarium
26%
Cavaliers de l'Apocalypse Mort
25%
Bretons ayant gagné le Tour de France Bernard Hinault
23%
Cavaliers de l'Apocalypse Famine
21%
Dimensions Temps | Durée
21%
Camps romains dans Astérix Laudanum
20%
Cavaliers de l'Apocalypse Guerre
18%
Personnages principaux des Hercule Poirot Capitaine Hastings | Arthur Hastings
8%
Bretons ayant gagné le Tour de France Louison Bobet
7%
Cavaliers de l'Apocalypse Evangélisation | Conquête
6%
Souvenirs d'enfance de Pagnol Le temps des secrets
6%
Opéras de la tétralogie de Wagner La Walkyrie
5%
Tempéraments selon les anciens Colérique
4%
Souvenirs d'enfance de Pagnol Le temps des amours
4%
Sous-marins nucléaires lanceurs d'engins français en activité Le Terrible
4%
Romans d'Agatha Christie avec le colonel Race Mort sur le Nil
4%
Noms des 4 As Bouffi | Jean-Louis
3%
Personnages principaux des Hercule Poirot Inspecteur Japp | James Japp
3%
Bretons ayant gagné le Tour de France Jean Robic
3%
Bretons ayant gagné le Tour de France Lucien Petit-Breton
3%
Personnages principaux des Hercule Poirot Miss Lemon | Felicity Lemon
3%
Tempéraments selon les anciens Sanguin
3%
Vertus cardinales Tempérance
3%
Noms des 4 As Doc | Théo
2%
Vertus cardinales Justice
2%
Noms des 4 As Lastic | Marco
2%
Sous-marins nucléaires lanceurs d'engins français en activité Le Téméraire
2%
Opéras de la tétralogie de Wagner L'or du Rhin
2%
Vertus cardinales Prudence
2%
Opéras de la tétralogie de Wagner Siegfried
2%
Tempéraments selon les anciens Atrabilaire
1%
Romans d'Agatha Christie avec le colonel Race Cartes sur table
1%
Quatre premiers du Vendée Globe en 2020-2021 Charlie Dalin
1%
Noms des 4 As Dina
1%
Tempéraments selon les anciens Flegmatique
1%
Vertus cardinales Force d'âme
1%
Quatre premiers du Vendée Globe en 2020-2021 Jean Le Cam
1%
Opéras de la tétralogie de Wagner Le crépuscule des dieux
1%
Sous-marins nucléaires lanceurs d'engins français en activité Le Triomphant
1%
Sous-marins nucléaires lanceurs d'engins français en activité Le Vigilant
1%
Quatre premiers du Vendée Globe en 2020-2021 Louis Burton
1%
Parfums dont le nom commence par Q créés après la 2e Guerre mondiale Quartz
1%
Quatre premiers du Vendée Globe en 2020-2021 Yannick Bestaven
1%
Romans d'Agatha Christie avec le colonel Race L'homme au complet marron
0%
Romans d'Agatha Christie avec le colonel Race Meurtre au champagne
0%
Parfums dont le nom commence par Q créés après la 2e Guerre mondiale Quadrille
0%
Parfums dont le nom commence par Q créés après la 2e Guerre mondiale Quand vient l'été
0%
Parfums dont le nom commence par Q créés après la 2e Guerre mondiale Quorum
0%
Aucun quiz correspondant
Distribution des résultats
% des personnes avec chaque résultat
Percentile par nombre de réponses
Votre historique - résultats
Vous n’avez pas pris ce quiz